00358cam a22001217a 4500008004000000082001800040100001600058245007200074250001300146260002500159300001100184650004100195180718b2002 xxu||||| |||| 00| 0 eng d aL2803x54 K825 aKohli, D.N. aCustoms tariff of India with ready reckoner: 2002-03cby D.N. Kohli a25th ed. aDelhibCen-Cusc2002 a777+p. aTariff - Law and legislation - India